Statistics for Квиз о Чилеу

Click here to take the quiz!

General Stats

  • This quiz has been taken 75 times
  • The average score is 12 of 20

Answer Stats

ОписОдговор% Correct
Званичан језикШпански
98%
Државе са којима се граничиАргентина
98%
Државе са којима се граничиПеру
97%
Државе са којима се граничиБоливија
97%
Главни градСантијаго
86%
1960, Чиле је забележио најснажнији ________ икада, са јачином од 9,5Земљотрес
86%
ВалутаПезос
85%
Планински венац који се пружа целом дужином ЧилеаАнди
82%
Као Норвешка и Чиле има много ових дубоких залива{Фјорд}ови
79%
Америчка савезна држава чија застава подсећа на заставу Чилеа
Тексас
76%
Најсувља пустиња на светуАтакама
62%
Пацифичко острво, познато и под називом Рапа Нуи,
које су Европљани открили у недељу, 5. априла 1722.
{Ускршње} острво
58%
Диктатор који је владао Чилеом, 1973–1990Аугусто Пиноче
48%
Охос дел Саладо са висином од 6893 метра је највиши ______ на светуВулкан
38%
Метал који чини 60% извозаБакар
36%
Песник, добитник Нобелове награде 1971.Пабло Неруда
29%
Мореуз који одваја архипелаг изнад од копна{Магеланов} мореуз
26%
Најјужнији архипелаг{Огњена} земља
14%
Рат у којем је Боливија изгубила излаз на море од Чилеа{Пацифички} рат
11%
Најјужнија тачкаКејп {Хорн}
9%

Score Distribution

Percentile by Number Answered

Percent of People with Each Score

Your Score History

You have not taken this quiz